000 00312nam a22001457a 4500
008 210312b ||||| |||| 00| 0 eng d
020 _a0840350694
041 _aeng
080 _23th
_a070
082 _23th
_a070
100 _a39
101 _aMED
245 _aMass Media Issues
_cRodman,G
942 _2udc
_cBK
999 _c56516
_d56516